000
00271nam a22001337a 4500
003
SGT
020
_a
9789353885328
082
_a
320
_b
S21P
100
_a
PANKAJ, ASHOK
245
_a
SOCIAL SECTOR
260
_b
SAGE PUBLICATIONS
_c
2021
300
_a
404
942
_2
ddc
_c
BK
999
_c
31843
_d
31843